000 00340nam a22001337a 4500
008 230623b xxu||||| |||| 00| 0 eng d
020 _a9966900195
082 _a330.
_bOSO 1997
245 _aPublic Spending,Taxation and Deficits
260 _bAfrican Economic Research Consortium
_c1997
300 _a30p
440 _n62
942 _2ddc
_cBK
999 _c2396
_d2396